| 000 | 00510nam a22001457a 4500 | ||
|---|---|---|---|
| 020 | _a9787507844757 | ||
| 082 |
_a338.95491 _bWAN |
||
| 100 | _aWang, Qi | ||
| 245 |
_a 驻巴为铁 : 读懂中巴经济走廊时代的巴基斯坦=Serving as an Iron in Pakistan: Understanding Pakistan in the Era of China-Pakistan Economic Corridor _cWang, Qi |
||
| 250 | _a(Chinese edition) | ||
| 260 |
_aBeijing _bChina International Broadcasting Press _c2019 |
||
| 300 | _a231p | ||
| 563 | _aPB | ||
| 942 |
_2ddc _cBK |
||
| 999 |
_c591809 _d591809 |
||